000 00426 a2200157 4500
003 OSt
005 20220310154043.0
008 220310b |||||||| |||| 00| 0 eng d
020 _a9781402006593
040 _cHU
082 _a634.9/2 CON 2002
245 _a MULTI- OBJECTVE FORESTRY PLANNING MANAGING FOREST ECOSYSTMS
260 _aLONDON
_bKLUWER ACADEMIC
_c2002
300 _a348 P
_c23 CM
_fHC
942 _2ddc
_cBOOKS
_n0
999 _c32581
_d32581